BIBLIOTHÈQUE DE LA MAISON DU MEXIQUE

Logo 1 Logo 2

El juglar y la domadora y otros relatos desconocidos (notice nᵒ 10990)

détails MARC
000 -Sello discográfico
campo de control de longitud fija 01144nam a2200325 4500
005 - Identificación de versión
campo de control 20251017062757.0
010 ## - Número Estándar Internacional de Libros (ISBN)
Número (ISBN) 968-12-0510-3
035 ## - Otros números de control del sistema
Número de control del sistema 5598
099 ## - fechas locales
Tipo de ítem Koha LIBRO
100 ## - Datos de procesamiento general
Datos de procesamiento general 20120221d1992 m y1spay5003 ba
105 ## - Campo de datos codificados: Material textual, monográfico
Datos codificados de monografía y 001ay
200 1# - Título y mención de responsabilidad
Título propio El juglar y la domadora y otros relatos desconocidos
Designación general del material texto impreso
Primer mención de responsabilidad Jaime Torres Bodet
Declaración de responsabilidad subsiguiente recopilación y prólogo Luis Mario Schneider
-- presentación Rebeca Barriga Villanueva
205 ## - Declaración de edición
Declaración de edición 1a ed
210 ## - Publicación, distribución, etc.
Lugar de publicación, distribución, etc. México
Nombre del editor, distribuidor, etc. El Colegio de México, Centro de Estudios Lingüísticos y Literarios
Fecha de publicación, distribución, etc. 1992
215 ## - Descripción física
Designación de material específico y extensión del ítem 153 p
Dimensiones 21 cm
345 ## - Nota de información de adquisición
Fuente de adquisición/dirección de la suscripción [OBSOLETO] Donación
410 #1 - Series
Título Serie Literatura Mexicana
Nombre de parte o sección Cátedra Jaime Torres Bodet
Número de volumen 1
606 ## - Término temático usado como materia
Elemento de entrada Cuentos mexicanos
Subdivisión cronológica Siglo XX
Número Koha 81
660 ## - Código de área geográfica
Código MX
700 ## - Nombre personal - Responsabilidad primaria
Elemento de entrada Torres Bodet
Parte del nombre distinta del elemento de entrada Jaime
Fechas 1902-1974
Número Koha 1915
702 ## - Nombre personal - Responsabilidad secundaria
Elemento de entrada Barriga Villanueva
Parte del nombre distinta del elemento de entrada Rebeca
Número Koha 1549
702 ## - Nombre personal - Responsabilidad secundaria
Elemento de entrada Schneider Zacouteguy
Parte del nombre distinta del elemento de entrada Luis Mario
Fechas 1931-1999
Número Koha 480
801 #0 - Fuente de origen
País FR
Agencia cm
Reglas de catalogación (convenciones descriptivas) AFNOR
900 ## -
-- 1/6851
900 ## -
-- 7100418614\040304
942 ## - ELEMENTOS DE ENTRADA SECUNDARIOS (KOHA)
Tipo de ítem Koha Livre
996 ## -
-- MEX
-- 751145101
-- MMAG
-- 001986
-- 863.4 T693JU
-- 20120221LIV
Exemplaires
Estatus retirado Estado de daño Estado de pérdida Fecha de adquisición Biblioteca de origen Biblioteca actual Ubicación en estantería Código de barras Precio de reemplazo Signatura topográfica completa No para préstamo Tipo de ítem Koha Nota pública Nota no pública
      05/08/2025 Casa México Paris Casa México Paris   001986 05/08/2025 863.4 T693JU   Livre 20120221LIV 751145101